KOHA-Header-6

Introductory Statistics For Economics And Management (Record no. 2878)

000 -LEADER
fixed length control field 00360nam a2200145Ia 4500
003 - CONTROL NUMBER IDENTIFIER
control field OSt
005 - DATE AND TIME OF LATEST TRANSACTION
control field 20190925153213.0
008 - FIXED-LENGTH DATA ELEMENTS--GENERAL INFORMATION
fixed length control field 190902s9999||||xx |||||||||||||| ||und||
040 ## - CATALOGING SOURCE
Transcribing agency maju
100 ## - MAIN ENTRY--PERSONAL NAME
Personal name Hamid A. Hakeem
245 #0 - TITLE STATEMENT
Title Introductory Statistics For Economics And Management
260 ## - PUBLICATION, DISTRIBUTION, ETC. (IMPRINT)
Place of publication, distribution, etc London
Name of publisher, distributor, etc Prentice Hall
Date of publication, distribution, etc 2001
300 ## - PHYSICAL DESCRIPTION
Extent 99
942 ## - ADDED ENTRY ELEMENTS (KOHA)
Koha item type Books
Source of classification or shelving scheme
Holdings
Withdrawn status Lost status Source of classification or shelving scheme Damaged status Not for loan Collection code Permanent Location Current Location Shelving location Date acquired Barcode Date last seen Price effective from Koha item type
          Mathematics MAJU MAJU Shelf No.A26 2019-09-02 6546 2019-09-02 2019-09-02 Mathematics

Powered by Koha